paroles du générique du capitaine Flam - Statistiques

Statistiques générales
  • Ce quiz a été pris 60 fois
    59 depuis la dernière actualisation
  • Le résultat moyen est 119 sur 173
Statistiques - réponses
% Correct
Capitaine
100%
(Capitaine
100%
D'
100%
de
100%
De
100%
FLAM !
100%
Flam
100%
Flam)
100%
galaxie
100%
notre
100%
pas
100%
tu
100%
Tu
100%
ne
98%
n'es
96%
à
91%
a
91%
Mais
91%
la
89%
le
81%
fond
79%
Au
77%
du
77%
nuit
74%
te
74%
loin
72%
as
70%
des
70%
Les
70%
les
70%
Pour
70%
sauver
70%
traversé
70%
et
68%
Et
68%
que
68%
tous
68%
il
66%
Il
66%
aussi
64%
lactée
64%
voie
64%
descends
62%
l'infini
62%
Mégara
62%
Megara
62%
hommes.
60%
Qui
60%
qui
60%
Ta
60%
Terre,
60%
dans
57%
jusqu'ici
57%
ton
57%
Ton
57%
millions
55%
années
53%
Cent
53%
fin
53%
gens
53%
Un
53%
y
53%
d'années
51%
lumière
51%
Mala
51%
mille
51%
amie
49%
vois
49%
bras
47%
douce
47%
l'Univers,
47%
petit
47%
quittent
47%
c'est
45%
Fregolo
43%
sauvera
43%
ceux
40%
copain
40%
Johanne
40%
jour
40%
Ken
40%
oui
40%
toi
40%
Cyberlab
38%
plus
34%
gouvernement
32%
appelle
30%
intersidéral
30%
Quand
30%
ses
28%
aucun
26%
espoir :
26%
celui
23%
n'est
23%
problèmes
23%
reste
23%
solution
21%
Cosmolem
19%
une
19%
Veille
15%
trouver
13%
capable
11%
Aucun quiz correspondant
Distribution des résultats
% des personnes avec chaque résultat
Percentile par nombre de réponses
Votre historique - résultats
Vous n’avez pas pris ce quiz depuis la dernière actualisation